00650nam a2200181 i 450000100060000000300090000600500170001500700030003200800410003510000360007624501690011226000600028130000280034170000300036970000310039970000180043085200200044878592ES-MaACL20230906173746.0t|041015s1918 sp ||||1| spa d1 aHebbel, Friedrich (d1813-1863)10aJudith b: tragedia en cinco actos / cFriedrich Hebbel ; estudio preliminar de Jacinto Grau ; prólogo de Ricardo Baeza ; traducción de R. Baeza y K. Rosemberg. aMadrid : b[s.n., c1918] (fImp. Clásica Española) aLXIV, 182 p. ; c16 cm.1 aGrau, Jacinto,d1877-19581 aBaeza, Ricardo,d1890-19561 aRosemberg, K. aES-MaACLjF-273